Statistics for Harry Potter Trivia - Chamber of Secrets

Click here to take the quiz!

General Stats

  • This quiz has been taken 174 times
  • The average score is 25 of 33

Answer Stats

QuestionAnswer% Correct
What is the name of the house elf that visits Harry at Privet Drive?Dobby
99%
How do Harry and Ron get to Hogwarts?The flying Ford Anglia
96%
Who is the new Defense Against the Dark Arts professor?Gilderoy Lockhart
95%
What is the name of the Weasley's home?The Burrow
93%
What is a derogatory term for a Mugglebord wizard or witch?Mudblood
91%
Who is taken into the Chamber of Secrets?Ginny Weasley
90%
Who is Tom Riddle?Lord Voldemort
89%
What does Lucius Malfoy accidentaly hand Dobby, freeing him?A sock
88%
Who haunts the out of order girl's bathroom?Moaning Myrtle
88%
What do Harry and Ron crash into when they arrive at Hogwarts?The Whomping Willow
88%
Which ghost is petrified?Nearly Headless Nick
87%
What brooms does Darco Malfoy's father buy the Slytherin quidditch team?Nimbus 2001
87%
Who was blamed for opening the Chamber of Secrets 50 years ago?Rubeus Hagrid
87%
What was attacking students?A basilisk
85%
Who is second to be attacked and Harry's biggest fan?Colin Creevey
85%
Who do Harry and Ron meet in the Forbidden Forest?Aragog
84%
How long ago was Tom Riddle a student?50 years ago
83%
What does Harry kill the basilisk with?Gryffindor's sword
81%
Who is first to be petrified?Mrs. Norris
81%
What spell does Gilderoy Lockhart try use on Harry in the chamber?Obliviate
76%
What does Harry destroy the diary with?The basilisk's fang
76%
What was being held by one of the last students to be attacked?A mirror
70%
Who is the third student to be attacked?Justin Finch Fletchley
68%
What did Dobby charm to go after Harry?A bludger
65%
What shop is Harry transported to when he accidently ends up in Knockturn Alley?Borgin and Burkes
61%
What word or phrase is spoken to open the Chamber of Secrets?Open
61%
Who does Uncle Vernon invite to his home to secure an order of drills?The Masons
61%
Harry can talk to snakes. What is he?A parselmouth
59%
Who were the fourth and fifth students to be attacked?{Hermione Granger} and {Penelope Clearwater}
50%
What happens to a phoenix after it dies?It is reborn from the ashes
39%
What conceals the entrance to Dumbledore's office?A gargoyle
38%
What is the first line of Ginny's Valentines Day poem to Harry?"His eyes are as green as a {fresh} {pickled} {toad}"
34%
Who is Lockhart's biggest fan?Gladys Gudgeon
20%

Score Distribution

Percentile by Number Answered

Percent of People with Each Score

Your Score History

You have not taken this quiz